000
00287nam a22001337a 4500
008
171102b xxu||||| |||| 00| 0 eng d
020
_a
9780324788075
041
_a
eng
080
_2
8TH
_a
33
100
_a
59
101
_a
SCH
245
_a
E-BUSINESS
_c
SCHNEIDER,G.P
942
_2
udc
_c
BK
999
_c
37220
_d
37220